ප්‍ර‍ගතියේ හවුල්කරුවෝ = முன்னேற்றத்திற்கான பங்காளிகள் = Partners for progress (Record no. 4693)

MARC details
000 -LEADER
fixed length control field 00627nam a2200157 4500
003 - CONTROL NUMBER IDENTIFIER
control field LK-CoMWRAF
005 - DATE AND TIME OF LATEST TRANSACTION
control field 20240129141501.0
008 - FIXED-LENGTH DATA ELEMENTS--GENERAL INFORMATION
fixed length control field 240129b |||||||| |||| 00| 0 eng d
040 ## - CATALOGING SOURCE
Original cataloging agency LK-CoMWRAF
Modifying agency LK-CoMWRAF
Description conventions LK-CoMWRAF
041 ## - LANGUAGE CODE
Language code of text/sound track or separate title Sinhala; Sinhalese
-- Tamil
-- English
082 ## - DEWEY DECIMAL CLASSIFICATION NUMBER
Classification number 305.42
Item number PRA
942 ## - ADDED ENTRY ELEMENTS (KOHA)
Koha item type Books
245 ## - TITLE STATEMENT
Title ප්‍ර‍ගතියේ හවුල්කරුවෝ = முன்னேற்றத்திற்கான பங்காளிகள் = Partners for progress
246 ## - VARYING FORM OF TITLE
Title proper/short title Pragathiyee haulkaruwoo = Pragathiyee haulkaruwoo
260 ## - PUBLICATION, DISTRIBUTION, ETC. (IMPRINT)
Place of publication, distribution, etc. Colombo :
Name of publisher, distributor, etc. Ministry of child development & Women's empowerment
Date of publication, distribution, etc. 2005
Holdings
Withdrawn status Lost status Damaged status Not for loan Permanent Location Current Location Date acquired Full call number Barcode Koha item type
        Resource center, Muslim Women's Research And Action Forum Resource center, Muslim Women's Research And Action Forum 2024-01-29 305.42 PRA RAF4987 Books

Copyright © 2023 Muslim Women's Research and Action Forum (MWRAF), No 27/3, Anderson Road, Kalubowila, Dehiwela. Funded by The Asia Fundation